<?xml version="1.0" encoding="UTF-8"?>
<record
    xmlns:xsi="http://www.w3.org/2001/XMLSchema-instance"
    xsi:schemaLocation="http://www.loc.gov/MARC21/slim http://www.loc.gov/standards/marcxml/schema/MARC21slim.xsd"
    xmlns="http://www.loc.gov/MARC21/slim">

  <leader>00470nam a22001577a 4500</leader>
  <controlfield tag="005">20251113120646.0</controlfield>
  <controlfield tag="008">251113b        |||||||| |||| 00| 0 eng d</controlfield>
  <datafield tag="020" ind1=" " ind2=" ">
    <subfield code="a">979-8-88715-002-4</subfield>
  </datafield>
  <datafield tag="100" ind1=" " ind2=" ">
    <subfield code="a">WILLIAMS, LUCY</subfield>
  </datafield>
  <datafield tag="245" ind1=" " ind2=" ">
    <subfield code="a">BIOFUEL CROPS AND RENEWABLE ENERGY</subfield>
  </datafield>
  <datafield tag="260" ind1=" " ind2=" ">
    <subfield code="a">DUBLIN</subfield>
    <subfield code="b">ORYSON PRESS</subfield>
    <subfield code="c">2023</subfield>
  </datafield>
  <datafield tag="300" ind1=" " ind2=" ">
    <subfield code="a">XI, 310P.</subfield>
  </datafield>
  <datafield tag="500" ind1=" " ind2=" ">
    <subfield code="a">INCLUDES INDEX</subfield>
  </datafield>
  <datafield tag="650" ind1=" " ind2=" ">
    <subfield code="a">1. BIOMASS ENERGY 2. BIOFUELS 3, ENERGY CROPS 4. RENEWABLE ENNERGY SOURCES</subfield>
  </datafield>
  <datafield tag="942" ind1=" " ind2=" ">
    <subfield code="2">lcc</subfield>
    <subfield code="c">BK</subfield>
  </datafield>
  <datafield tag="999" ind1=" " ind2=" ">
    <subfield code="c">216183</subfield>
    <subfield code="d">216183</subfield>
  </datafield>
  <datafield tag="952" ind1=" " ind2=" ">
    <subfield code="0">0</subfield>
    <subfield code="1">0</subfield>
    <subfield code="2">lcc</subfield>
    <subfield code="4">0</subfield>
    <subfield code="6">TP0339 W55  02023</subfield>
    <subfield code="7">0</subfield>
    <subfield code="8">SCT</subfield>
    <subfield code="9">373317</subfield>
    <subfield code="a">KSUL</subfield>
    <subfield code="b">KSUL</subfield>
    <subfield code="c">DISPLAY</subfield>
    <subfield code="d">2025-11-13</subfield>
    <subfield code="i">109787</subfield>
    <subfield code="l">0</subfield>
    <subfield code="o">TP 339 .W55 2023</subfield>
    <subfield code="p">000000024721</subfield>
    <subfield code="r">2025-11-13 12:08:00</subfield>
    <subfield code="t">C.1</subfield>
    <subfield code="w">2025-11-13</subfield>
    <subfield code="y">BK</subfield>
  </datafield>
  <datafield tag="952" ind1=" " ind2=" ">
    <subfield code="0">0</subfield>
    <subfield code="1">0</subfield>
    <subfield code="2">lcc</subfield>
    <subfield code="4">0</subfield>
    <subfield code="6">TP0339 W55  02023</subfield>
    <subfield code="7">0</subfield>
    <subfield code="8">SCT</subfield>
    <subfield code="9">373318</subfield>
    <subfield code="a">KSUL</subfield>
    <subfield code="b">KSUL</subfield>
    <subfield code="c">DISPLAY</subfield>
    <subfield code="d">2025-11-13</subfield>
    <subfield code="i">109788</subfield>
    <subfield code="l">0</subfield>
    <subfield code="o">TP 339 .W55 2023</subfield>
    <subfield code="p">000000024723</subfield>
    <subfield code="r">2025-11-13 12:08:00</subfield>
    <subfield code="t">C.2</subfield>
    <subfield code="w">2025-11-13</subfield>
    <subfield code="y">BK</subfield>
  </datafield>
  <datafield tag="952" ind1=" " ind2=" ">
    <subfield code="0">0</subfield>
    <subfield code="1">0</subfield>
    <subfield code="2">lcc</subfield>
    <subfield code="4">0</subfield>
    <subfield code="6">TP0339 W55  02023</subfield>
    <subfield code="7">0</subfield>
    <subfield code="8">SCT</subfield>
    <subfield code="9">373319</subfield>
    <subfield code="a">KSUL</subfield>
    <subfield code="b">KSUL</subfield>
    <subfield code="c">DISPLAY</subfield>
    <subfield code="d">2025-11-13</subfield>
    <subfield code="i">109789</subfield>
    <subfield code="l">0</subfield>
    <subfield code="o">TP 339 .W55 2023</subfield>
    <subfield code="p">000000024722</subfield>
    <subfield code="r">2025-11-13 12:08:00</subfield>
    <subfield code="t">C.3</subfield>
    <subfield code="w">2025-11-13</subfield>
    <subfield code="y">BK</subfield>
  </datafield>
  <datafield tag="952" ind1=" " ind2=" ">
    <subfield code="0">0</subfield>
    <subfield code="1">0</subfield>
    <subfield code="2">lcc</subfield>
    <subfield code="4">0</subfield>
    <subfield code="6">TP0339 W55  02023</subfield>
    <subfield code="7">0</subfield>
    <subfield code="8">SCT</subfield>
    <subfield code="9">373320</subfield>
    <subfield code="a">KSUL</subfield>
    <subfield code="b">KSUL</subfield>
    <subfield code="c">DISPLAY</subfield>
    <subfield code="d">2025-11-13</subfield>
    <subfield code="i">109790</subfield>
    <subfield code="l">0</subfield>
    <subfield code="o">TP 339 .W55 2023</subfield>
    <subfield code="p">000000024737</subfield>
    <subfield code="r">2025-11-13 12:08:00</subfield>
    <subfield code="t">C.4</subfield>
    <subfield code="w">2025-11-13</subfield>
    <subfield code="y">BK</subfield>
  </datafield>
</record>
